Idiomas más hablados en el mundo - Estadísticas

Estadísticas generales
  • Esta prueba ha sido intentada 6.616 veces
    6.474 desde el último reinicio
  • La puntuación promedio es 17 de 52
Estadísticas de respuestas
# Idioma % Correcto
379 M Inglés
100%
480 M Español
99%
77,2 M Francés
96%
90,2 M Alemán
91%
918 M Mandarín
91%
154 M Ruso
89%
> 275 M Árabe
87%
221 M Portugués
87%
64,8 M Italiano
86%
128 M Japonés
85%
77,3 M Coreano
68%
341 M Hindi
58%
39,7 M Polaco
58%
79,4 M Turco
56%
23,1 M Neerlandés
54%
27,3 M Ucraniano
53%
20,7 M Tailandés
48%
> 59 M Malayo / Indonesio
45%
24,3 M Rumano
43%
52,8 M Persa
41%
76,0 M Vietnamita
39%
73,1 M Cantonés
32%
228 M Bengalí
29%
68,6 M Urdu
27%
23,6 M Tagalo
19%
75,0 M Tamil
15%
32,9 M Birmano
13%
21,9 M Amhárico
9%
31,8 M Pastún
9%
25,1 M Uzbeko
9%
81,4 M Wu
9%
125 M Panyabí
8%
82,0 M Télugu
8%
37,8 M Yoruba
8%
68,3 M Javanés
7%
83,1 M Marati
7%
43,9 M Hausa
6%
27,0 M Igbo
6%
50,1 M Min Nan
6%
56,4 M Guyarati
5%
43,6 M Canarés
4%
48,2 M Hakka
4%
46,9 M Jin
4%
37,1 M Malabar
3%
52,2 M Bhoshpuri
2%
22,1 M Gan
2%
33,9 M Maithili
2%
34,5 M Oriya
2%
24,6 M Sindi
2%
37,3 M Xiang
2%
20,7 M Magahi
1%
32,4 M Sondanés
1%
No se encontraron pruebas coincidentes
Distribución de puntuación
Porcentaje de gente con cada puntuación
Porcentaje por número respondido
Historial de tus puntuaciones
No has intentado esta prueba desde el último reinicio